000 00462nmm a2200145Ia 4500
008 251105s9999||||xx |||||||||||||||||und||
041 _aspa
100 _aQueralt, Maria Pilar
245 0 _aDe Alfonso la dulcísima esposa
264 _a[Madrid, España] :
_bCiudad de Libros,
_c[Fecha de publicación no identificada]
300 _a0 páginas
650 _aHistory of Europe: Spain
856 _uhttps://public.digitaliapublishing.com/a/81977
942 _cCF
999 _c104048
_d104048